1899 1601 1003 1487 1849 1151 1812 1466 1831 1443 1821 1507 1868 1485 1512 1800 1750 1621 1631 1688 1192 1485 1880 1578 1316 1681 1686 1261 1008 1335 1368 1932 1535 1872 1661 1646 1398 1857 1082 1989 1456 1536 1858 1695 1543 1387 1164 1028 1873 1865 1459 1387 1641 1136 1679 1122 1795 1277 1455 1518 1001 1910 1224 1865 1839 1631 1240 1155 1261 1605 1416 1075 1384 1863 1324 1838 1286 1491 1685 1608 1084 1822 1255 1205 1268 1457 1536 1896 1885 1760 1140 1534 1344 1938 1379 1553 1784 1788 1351 BCNSPRNW ULIB Ver.6.0+V

เปลี่ยนเป็นภาษาไทย

Change to English
 แสดงรายละเอียดบรรณานุกรม
  กลับหน้าหลัก

Brief Record : Get Marc (ISO 2709) : E-mail record : QR code < ปิดหน้าต่าง
LEADER : 00000nam 2200000uu 4500
001    13399111393
003     ULIB
008    110623s||||||||th 000 0 tha d
020    9786167025261
090    นว^bท473อ 2553
100 0  ทิพย์อักษร
245 10 อารัมบรา ปราการเร้นรัก /^cโดย ทิพย์อักษร
250    พิมพ์ครั้งที่ 1
260    กรุงเทพฯ :^bJe t aime,^c2553
300     191 หน้า
945    ^p99^l0^i030167
995     เกษร
999 ^a ใช้งานได้ทุกระบบ
รายการนี้ยังไม่มีแท็ก
คุณยังไม่ได้ล็อกอิน คุณสามารถมีกิจกรรมร่วมกับเว็บไซต์ได้ แต่ต้องล็อกอินก่อน ::
  ล็อกอิน

รายการสื่อสารสนเทศ

ลำดับที่ ประเภท เลขเรียก/บาร์โค้ด สถานที่ สถานะ
1. นวนิยาย
นวนิยาย
นว ท473อ 2553  
  Barcode: 030167
ห้องสมุดวิทยาเขตสวรรค์ประชารักษ์
►นวนิยาย
บนชั้น
  ขอยืม

BibComment


ยังไม่เคยถูกคอมเมนท์

คอมเมนท์ทรัพยากรรายการนี้
  คอมเมนท์: อารัมบรา ปราการเร..


 Copyright 2026. Bcnsprnw @Library